| 000 | 00462nam a2200181 a 4500 | ||
|---|---|---|---|
| 005 | 20240803063711.0 | ||
| 008 | 991125s1943 mx 000 0 spa u | ||
| 035 | _aUPN01000024021 | ||
| 049 | _aSEP | ||
| 050 | 4 |
_aPZ74.2 _bG3.3 |
|
| 100 | 1 | _aGalván, Eduardo | |
| 245 | 1 | 0 |
_aFábulas / _cEduardo Galván. |
| 260 |
_aMéxico : _bSEP, _c1943. |
||
| 300 |
_a97 p. : _bil. col. |
||
| 650 | 4 |
_aCuentos infantiles _96744 |
|
| 650 | 4 |
_aFábulas _98251 |
|
| 905 | _aLibro | ||
| 999 |
_c24021 _d24021 |
||